Internet Vạn Vật (IoT) : Chuyển đổi số hay là chết = Internet of things : digitize or die
Trình bày tác động của Internet Vạn Vật (IoT) đến sự thay đổi phương thức hoạt động của các doanh nghiệp với các chiến lược tái thiết, chiến lược chiếm lĩnh thị trường... Giới thiệu các bước cụ thể, từ lập danh mục đầu tư cho đến...
Guardado en:
| Autor principal: | |
|---|---|
| Otros Autores: | , , , , , , |
| Formato: | Libro |
| Lenguaje: | Vietnamese |
| Publicado: |
H.
Thông tin và Truyền thông
2020
|
| Materias: | |
| Etiquetas: |
Agregar Etiqueta
Sin Etiquetas, Sea el primero en etiquetar este registro!
|
| Thư viện lưu trữ: | Thư viện Trường Đại học Nam Cần Thơ |
|---|
| LEADER | 02653nam a22003257a 4500 | ||
|---|---|---|---|
| 001 | NCT_4_016214 | ||
| 008 | 250117b xxu||||| |||| 00| 0 vie d | ||
| 999 | |c 8774 |d 8774 | ||
| 020 | |a 9786048047771 |c 198000 | ||
| 082 | 0 | 4 | |2 23rd ed. |a 004.678 |b W38 |
| 100 | 1 | |a Windpassinger, Nicolas | |
| 245 | 1 | 0 | |a Internet Vạn Vật (IoT) : |b Chuyển đổi số hay là chết = Internet of things : digitize or die |c Nicolas Windpassinger ; Hồ Thị Hương Giang, Nguyễn Thị Ngân Hà (Biên dịch) ; Vũ Minh Khương (Hiệu đính) |
| 260 | |a H. |b Thông tin và Truyền thông |c 2020 | ||
| 300 | |a 311 tr. |b Minh hoạ |c 21 cm | ||
| 520 | 3 | |a Trình bày tác động của Internet Vạn Vật (IoT) đến sự thay đổi phương thức hoạt động của các doanh nghiệp với các chiến lược tái thiết, chiến lược chiếm lĩnh thị trường... Giới thiệu các bước cụ thể, từ lập danh mục đầu tư cho đến chuyển đổi mô hình kinh doanh và tổ chức đối với các cơ quan, doanh nghiệp trong chiến lược chuyển đổi số nhằm nắm bắt cơ hội của cuộc cách mạng số để chiến thắng mọi cuộc cạnh tranh | |
| 653 | |a Truyền thông đa phương tiện | ||
| 700 | 1 | |a Hồ Thị Hương Giang |e Biên dịch | |
| 700 | 1 | |a Nguyễn Thị Ngân Hà |e Biên dịch | |
| 700 | 1 | |a Vũ Minh Khương |e Hiệu đính | |
| 700 | 1 | |a Tô Thị Thu Hương |e Hiệu đính | |
| 700 | 1 | |a Trần Vũ Thưởng |e Hiệu đính | |
| 700 | 1 | |a Nguyễn Huy Dũng |e Hiệu đính | |
| 700 | 1 | |a Nguyễn Thanh Lâm |e Hiệu đính | |
| 942 | |2 ddc |c BK | ||
| 952 | |0 0 |1 0 |2 ddc |4 0 |6 004_678000000000000_W38 |7 0 |9 30150 |a 000001 |b 000001 |d 2025-01-17 |o 004.678 W38 |p MD.23363 |r 2025-01-17 |v 198000.00 |w 2025-01-17 |y BK | ||
| 952 | |0 0 |1 0 |2 ddc |4 0 |6 004_678000000000000_W38 |7 0 |9 30151 |a 000001 |b 000001 |d 2025-01-17 |o 004.678 W38 |p MD.23364 |r 2025-01-17 |v 198000.00 |w 2025-01-17 |y BK | ||
| 952 | |0 0 |1 0 |2 ddc |4 0 |6 004_678000000000000_W38 |7 0 |9 30152 |a 000001 |b 000001 |d 2025-01-17 |o 004.678 W38 |p MD.23365 |r 2025-01-17 |v 198000.00 |w 2025-01-17 |y BK | ||
| 952 | |0 0 |1 0 |2 ddc |4 0 |6 004_678000000000000_W38 |7 0 |9 30153 |a 000001 |b 000001 |d 2025-01-17 |o 004.678 W38 |p MD.23366 |r 2025-01-17 |v 198000.00 |w 2025-01-17 |y BK | ||
| 952 | |0 0 |1 0 |2 ddc |4 0 |6 004_678000000000000_W38 |7 0 |9 30926 |a 000001 |b 000001 |d 2025-06-23 |o 004.678 W38 |p MD.19827 |r 2025-06-23 |v 198000.00 |w 2025-06-23 |y BK | ||
| 980 | |a Thư viện Trường Đại học Nam Cần Thơ | ||


